000 01531cam a2200301 4500
001 ABS66936
008 030721n2003 000 0 eng u
035 _a(Sirsi) u123071
100 _aWalker, A.
245 _aCase study: the interaction between commercial objectives and conservation in a city-centre mixed-use development
260 _c2003
490 _aJournal of Retail and Leisure Property
_v3(1) 2003, 32-49(18)
520 _aProvides a detailed case study of The Light, an award winning mixed-use development located at the commercial heart of Leeds. Examines how this project has responded to public interest pressures such as government policy to drive activities back into town centres, the value of conserving historic buildings and better evaluation of what really determines sustainable development in both towns and individual buildings, together with the key sustainable investment opportunities which retail and leisure development represent. Appendix lists awards won and the development partner organisations. Figures and references. [Taken from journal abstract).
590 _aABS
650 _aSHOPPING CENTRES
650 _aURBAN ENTERTAINMENT CENTRES
650 _aNEW CONSTRUCTION
650 _aLEEDS
650 _aTOWN CENTRES
650 _aMIXED-USE DEVELOPMENTS
650 _aHISTORIC BUILDINGS
650 _aURBAN REGENERATION
650 _aSUSTAINABLE DEVELOPMENT
650 _aLEISURE DEVELOPMENT
650 _aRETAIL DEVELOPMENT
690 _aREGENERATION
942 _n0
999 _c73079
_d73079